000 01694 a2200241 4500
003 OSt
005 20180116192404.0
008 120615t xxu||||| |||| 00| 0 eng d
020 _a3865606881 (paperback)
020 _a9783865606884 (paperback)
040 _c0
082 0 4 _a721
100 1 _aSudjic, Deyan.
_94662
245 1 0 _aDavid chipperfield :
_bform matters /
_cDeyan Sudjic, David Chipperfield.
260 _aLondon :
_bWalther Konig, Koln,
_c2009.
300 _a158 p. :
_bill. ;
_c27 cm.
520 _a"As architects," writes David Chipperfield, "we must both be part of and stand apart from the culture within which we operate. To be effective we must embrace power but also distance ourselves, we must engage in dialogue and we must refuse to listen, we must explore the familiar and the unfamiliar, we must embrace history and reject it. Finally we must resolve our ideas in matter and form." This publication was initiated and designed by the architect, who, in four sections, writes on form, language, composition and materiality. His choice of images, including architectural sketches and drawings, help to make this a personal notebook that documents the resolution and realization of formal ideas from his own viewpoint. Also featuring plans and illustrations of built and unbuilt projects, it explores the relationship between form and matter, both theoretically and practically.
650 1 0 _aArchitecture
_zGreat Britain
_94663
700 1 _aChipperfield, David.
_94664
856 4 0 _3Amazon.com
_uhttp://www.amazon.com/exec/obidos/ASIN/3865606881/chopaconline-20
942 _aSADA
_cBK
_k721 SUD 2009
_2ddc
999 _c353374
_d353374